[Event "Chess XV  MI"]
[Site "?"]
[Date "????.??.??"]
[Round "6"]
[White "Draoui, N."]
[Black "Verat, L."]
[Result "1-0"]
[WhiteElo "2377"]
[BlackElo "2346"]
[PlyCount "137"]

1. e4 c5 2. Nf3 d6 3. d4 cxd4 4. Nxd4 Nf6 5. Nc3 Nc6 6. Be2 e5 7. Nb3 Be7 8.
O-O O-O 9. Bg5 Nxe4 10. Nxe4 Bxg5 11. Nxg5 Qxg5 12. Qxd6 Rd8 13. Qc5 Be6 14.
Rad1 Rac8 15. Rxd8+ Nxd8 16. Qb5 h6 17. Rd1 Kh7 18. c3 a6 19. Qb6 Bh3 20. Bf1
Bg4 21. Rd3 Bf5 22. Rd5 Be6 23. Rd6 Qe7 24. Rd2 Bf5 25. Qe3 Bg6 26. Rd5 Nc6 27.
Qc5 Rc7 28. Qb6 Be4 29. Rd1 Nd8 30. Qe3 Bg6 31. h3 f6 32. Bd3 e4 33. Be2 Nc6
34. h4 f5 35. h5 Bf7 36. g3 Bxb3 37. axb3 Rd7 38. Rxd7 Qxd7 39. Qc5 Qf7 40. Qd6
Qf6 41. Qxf6 gxf6 42. Bc4 Kg7 43. Be6 Ne7 44. Kf1 f4 45. gxf4 f5 46. b4 Kf6 47.
Bb3 Nc6 48. Bd5 Ke7 49. Ke2 Kd6 50. Bxc6 bxc6 51. b3 c5 52. bxc5+ Kxc5 53. Ke3
Kd5 54. Kd2 Kc5 55. Kc2 Kd5 56. Kb2 Kc5 57. Ka2 Kb5 58. Ka3 a5 59. c4+ Kc5 60.
Ka4 Kb6 61. b4 axb4 62. Kxb4 Kc6 63. c5 Kc7 64. Kc4 Kc6 65. Kd4 Kc7 66. Ke5 Kc6
67. Kxf5 Kxc5 68. Kg6 Kd4 69. f5 1-0

[Event "Chess XV  MI"]
[Site "?"]
[Date "????.??.??"]
[Round "7"]
[White "Aurel, L."]
[Black "Draoui, N."]
[Result "1-0"]
[WhiteElo "2203"]
[BlackElo "2377"]
[PlyCount "111"]

1. e4 c5 2. d3 Nc6 3. g3 d5 4. Nd2 Nf6 5. Bg2 e6 6. Ngf3 Be7 7. O-O O-O 8. Re1
Qc7 9. e5 Nd7 10. Qe2 b5 11. h4 a5 12. Nf1 Ba6 13. Bf4 Rae8 14. N1h2 Qb6 15.
Ng5 h6 16. Qh5 hxg5 17. hxg5 Bxg5 18. Qxg5 Ncxe5 19. Bxe5 f6 20. Bxf6 Nxf6 21.
Nf3 c4 22. d4 Ne4 23. Qg6 Qd8 24. Qg4 Qf6 25. c3 Bc8 26. Rxe4 dxe4 27. Qxe4 Re7
28. Qe3 Bb7 29. Ne5 Bd5 30. Re1 Rc7 31. f4 b4 32. Rf1 Bxg2 33. Kxg2 Rb8 34. Rf2
Qd8 35. Nf3 Qd5 36. g4 bxc3 37. bxc3 Rb1 38. Re2 Re7 39. f5 Rd1 40. Qf4 Re8 41.
Re5 Qc6 42. f6 Rf8 43. Rg5 Qb7 44. Qe5 Rf7 45. Qxe6 Kh7 46. Rh5+ Kg8 47. Rg5
Qb2+ 48. Kg3 Qb8+ 49. Ne5 Rg1+ 50. Kf2 Qb2+ 51. Kxg1 Qc1+ 52. Kg2 Qd2+ 53. Kf3
Qd1+ 54. Ke4 Qb1+ 55. Kd5 Qb5+ 56. Kd6 1-0

[Event "Chess XV  MI"]
[Site "?"]
[Date "????.??.??"]
[Round "7"]
[White "Neiman, E."]
[Black "Picard, R."]
[Result "1-0"]
[WhiteElo "2330"]
[BlackElo "2290"]
[PlyCount "51"]

1. d4 Nf6 2. Bg5 Ne4 3. Bf4 c5 4. f3 Qa5+ 5. c3 Nf6 6. d5 Qb6 7. b3 e6 8. e4
exd5 9. exd5 Bd6 10. Bg5 Be7 11. Ne2 O-O 12. c4 d6 13. Nbc3 Qd8 14. Bf4 Nh5 15.
Be3 Re8 16. Qd2 Nd7 17. Kf2 Ne5 18. h3 Bh4+ 19. g3 Qf6 20. Bg2 Nxg3 21. Nxg3
Bf5 22. Rhf1 Nd3+ 23. Kg1 Bxg3 24. Ne4 Qh4 25. Bg5 Rxe4 26. fxe4 1-0

[Event "Chess XV  MI"]
[Site "?"]
[Date "????.??.??"]
[Round "7"]
[White "Borzakian, M."]
[Black "Shirazi, K."]
[Result "0-1"]
[WhiteElo "2198"]
[BlackElo "2389"]
[PlyCount "60"]

1. e4 c5 2. Nc3 Nc6 3. Bb5 Nd4 4. Bc4 g6 5. Nf3 Bg7 6. Nxd4 Bxd4 7. Qf3 Nf6 8.
Ne2 Be5 9. d3 b5 10. Bd5 Nxd5 11. exd5 Bb7 12. O-O e6 13. Qe3 Qc7 14. f4 Bg7
15. dxe6 dxe6 16. Qf2 c4 17. Be3 cxd3 18. cxd3 O-O 19. Bc5 Rfd8 20. d4 Bd5 21.
Rfe1 Qb7 22. Nc1 Bc4 23. b3 Rac8 24. Rb1 Rxc5 25. dxc5 Bd4 26. bxc4 Bxf2+ 27.
Kxf2 Qc7 28. cxb5 Qxc5+ 29. Kf1 Rd2 30. Ne2 Rxa2 0-1

[Event "Chess XV  MI"]
[Site "?"]
[Date "????.??.??"]
[Round "7"]
[White "Velikov, P."]
[Black "Nguyen, TT."]
[Result "1-0"]
[WhiteElo "2442"]
[BlackElo "2303"]
[PlyCount "53"]

1. Nf3 Nf6 2. c4 g6 3. g3 Bg7 4. Bg2 O-O 5. O-O c6 6. d4 d6 7. Nc3 Qa5 8. h3
Be6 9. d5 cxd5 10. Nd4 dxc4 11. Nxe6 fxe6 12. Bxb7 Nbd7 13. Bxa8 Rxa8 14. e4
Ne5 15. Qe2 Nd3 16. Rb1 Rb8 17. Bd2 Rxb2 18. Rxb2 Nxb2 19. e5 Nd5 20. exd6 Bxc3
21. Qxe6+ Kf8 22. Bxc3 Qxc3 23. Qxd5 exd6 24. Qxd6+ Kg7 25. Qe7+ Kh6 26. Re1
Qd4 27. Re4 1-0

[Event "Chess XV  MI"]
[Site "?"]
[Date "????.??.??"]
[Round "8"]
[White "Belkhodja, S."]
[Black "Nguyen, TT."]
[Result "1-0"]
[WhiteElo "2478"]
[BlackElo "2303"]
[PlyCount "75"]

1. e4 c5 2. Nf3 e6 3. d4 cxd4 4. Nxd4 Nc6 5. Nc3 Qc7 6. g3 a6 7. Bg2 Nf6 8. O-O
d6 9. Re1 Bd7 10. Nxc6 Bxc6 11. Nd5 Qd8 12. c4 Be7 13. Nxe7 Qxe7 14. b3 O-O 15.
a4 Rfd8 16. a5 Qc7 17. Bb2 e5 18. Bc1 b6 19. axb6 Qxb6 20. Bg5 Kf8 21. Re3 Ke7
22. Qh5 h6 23. Bxf6+ gxf6 24. Rd1 Rg8 25. Red3 Rad8 26. Qxh6 a5 27. Qd2 Qc5 28.
h4 Rg4 29. Kh2 Rgg8 30. Qe3 a4 31. bxa4 Bxa4 32. Ra1 Ra8 33. Qxc5 dxc5 34. Rda3
Bc6 35. Ra7+ Ke6 36. Bh3+ f5 37. Bxf5+ Kf6 38. g4 1-0

[Event "Chess XV  MI"]
[Site "?"]
[Date "????.??.??"]
[Round "8"]
[White "Shirazi, K."]
[Black "Velikov, P."]
[Result "0-1"]
[WhiteElo "2389"]
[BlackElo "2442"]
[PlyCount "134"]

1. f4 d5 2. Nf3 g6 3. d3 Nf6 4. Nbd2 Ng4 5. Nb3 Bg7 6. h3 Nf6 7. g4 h5 8. g5
Nfd7 9. e4 Nb6 10. a4 a5 11. e5 e6 12. Nfd4 Bd7 13. Nc5 Bf8 14. Nxd7 Qxd7 15.
c3 Na6 16. Nf3 c6 17. Be3 Nc8 18. Bg2 Bc5 19. Bxc5 Nxc5 20. b4 Na6 21. b5 cxb5
22. axb5 Nc5 23. Qb1 Ne7 24. Nd2 b6 25. d4 Nb7 26. Ra4 O-O 27. Kf2 Rac8 28. Rc1
Rc7 29. Bf1 Rfc8 30. Qb3 Kg7 31. Bd3 Rd8 32. Nf1 Rh8 33. Ne3 Rhc8 34. Ke2 Nd8
35. Ra2 Nb7 36. Rac2 Nd8 37. Kd2 Nb7 38. Be2 Ra8 39. Qa4 Rac8 40. Bf3 Nd8 41.
Be2 Nb7 42. Bd3 Nd8 43. Nd1 Ra7 44. Nb2 Rcc7 45. Qa3 Nc8 46. Na4 Rab7 47. Ke3
Kg8 48. Be2 Kg7 49. Bf3 Qxb5 50. c4 Qd7 51. c5 b5 52. Nb2 Nc6 53. Nd3 Qd8 54.
Rb1 N8e7 55. Kf2 Nf5 56. Rcb2 Nfxd4 57. Bd1 b4 58. Qa1 Nb5 59. Rc1 Nc3 60. h4
Qa8 61. Bf3 Qa6 62. Rd2 Qc4 63. Kg3 Nd4 64. c6 Ra7 65. Bd1 Rxc6 66. Kh3 Nf5 67.
Qb2 Qe4 0-1

[Event "Chess XV  MI"]
[Site "?"]
[Date "????.??.??"]
[Round "8"]
[White "Picard, R."]
[Black "Borzakian, M."]
[Result "1-0"]
[WhiteElo "2290"]
[BlackElo "2198"]
[PlyCount "127"]

1. e4 d6 2. d4 g6 3. Nf3 Nf6 4. Nc3 Bg7 5. Be2 O-O 6. O-O Bg4 7. Be3 Nc6 8. Nd2
Bxe2 9. Qxe2 e5 10. d5 Nd4 11. Qd3 c6 12. dxc6 bxc6 13. Nb3 Ne6 14. Rad1 Ng4
15. Bc1 Qh4 16. h3 Nf6 17. Qxd6 Nxe4 18. Qxc6 Nxc3 19. Qxc3 Rac8 20. Qd3 Qa4
21. a3 Rc7 22. Na1 Qc6 23. Rfe1 Rb8 24. Qd5 Qxd5 25. Rxd5 Nc5 26. Nb3 Nxb3 27.
cxb3 Rc2 28. b4 a6 29. Rd6 Ra8 30. Red1 h5 31. Be3 e4 32. Rd8+ Rxd8 33. Rxd8+
Kh7 34. Ra8 Rxb2 35. Rxa6 Rb1+ 36. Kh2 Be5+ 37. g3 Rb3 38. Ra7 h4 39. Bf4 hxg3+
40. Bxg3 Bb2 41. Rxf7+ Kg8 42. Rb7 Bxa3 43. b5 Bc5 44. Kg2 Rb2 45. Kf1 e3 46.
fxe3 Bxe3 47. Rg7+ Kf8 48. Bd6+ Kxg7 49. Be5+ Kf7 50. Bxb2 Ke6 51. Ke2 Bb6 52.
Kd3 Kd5 53. Ba3 Ba5 54. Be7 Ke6 55. Bc5 Kf5 56. Kd4 g5 57. Kd5 g4 58. hxg4+
Kxg4 59. Kc6 Kf5 60. Bd6 Ke6 61. Bc7 Bd2 62. b6 Be3 63. b7 Ba7 64. Kb5 1-0

[Event "Chess XV  MI"]
[Site "?"]
[Date "????.??.??"]
[Round "8"]
[White "Draoui, N."]
[Black "Neiman, E."]
[Result "1/2-1/2"]
[WhiteElo "2377"]
[BlackElo "2330"]
[PlyCount "27"]

1. e4 e5 2. Nf3 Nf6 3. Nxe5 d6 4. Nf3 Nxe4 5. d4 d5 6. Bd3 Nc6 7. O-O Be7 8. c4
Nb4 9. Be2 Bf5 10. a3 Nc6 11. Nc3 Nxc3 12. bxc3 O-O 13. Bf4 dxc4 14. Bxc4
1/2-1/2

[Event "Chess XV  MI"]
[Site "?"]
[Date "????.??.??"]
[Round "8"]
[White "Verat, L."]
[Black "Aurel, L."]
[Result "1/2-1/2"]
[WhiteElo "2346"]
[BlackElo "2203"]
[PlyCount "114"]

1. d4 Nf6 2. c4 g6 3. Nf3 Bg7 4. Nc3 d6 5. g3 O-O 6. Bg2 Nbd7 7. O-O e5 8. e4
exd4 9. Nxd4 Re8 10. h3 a6 11. Re1 Rb8 12. Be3 c5 13. Nc2 b5 14. Qxd6 b4 15.
Na4 Nxe4 16. Bxe4 Rxe4 17. Nxc5 Bf8 18. Qxb8 Nxb8 19. Nxe4 Qd3 20. Nf6+ Kg7 21.
Ne8+ Kg8 22. Nd4 Bb7 23. Rac1 Nd7 24. Nc7 Qe4 25. Nd5 Bxd5 26. cxd5 Qxd5 27. b3
h5 28. Rc8 Kh7 29. Nc6 Bg7 30. Bf4 g5 31. Ne7 Qb5 32. Bd6 Qd3 33. Bxb4 Ne5 34.
Re3 Qd1+ 35. Kg2 g4 36. hxg4 hxg4 37. Ba3 Nd3 38. Nf5 Ne1+ 39. Rxe1 Qxe1 40.
Nxg7 Qe4+ 41. Kh2 Kxg7 42. Bb2+ Kg6 43. Rc4 Qe2 44. Bd4 Qxa2 45. Ra4 Qe2 46.
Be3 Kf5 47. Ra5+ Ke4 48. Ra4+ Kd3 49. Rxa6 Qb2 50. Rd6+ Ke4 51. Kg2 Qxb3 52.
Rd4+ Ke5 53. Rxg4 Qd5+ 54. Kh2 Ke6 55. Rd4 Qh5+ 56. Rh4 Qd1 57. Rd4 Qh5+
1/2-1/2

[Event "Chess XV  MI"]
[Site "?"]
[Date "????.??.??"]
[Round "9"]
[White "Aurel, L."]
[Black "Belkhodja, S."]
[Result "0-1"]
[WhiteElo "2203"]
[BlackElo "2478"]
[PlyCount "64"]

1. e4 c5 2. d3 Nc6 3. g3 d5 4. Nd2 Nf6 5. Ngf3 e6 6. Bg2 Be7 7. O-O O-O 8. e5
Ne8 9. Re1 b5 10. Nf1 a5 11. h4 a4 12. a3 b4 13. N1h2 bxa3 14. bxa3 f5 15. exf6
Bxf6 16. Bg5 Qd6 17. Bxf6 Nxf6 18. Qe2 Rb8 19. Bh3 Re8 20. Ng4 Nxg4 21. Bxg4 e5
22. Bxc8 Rbxc8 23. Rab1 Nd4 24. Nxd4 cxd4 25. Rb4 Qc6 26. f3 h6 27. Qf2 Qd7 28.
f4 exf4 29. Rxe8+ Rxe8 30. Qxf4 Re1+ 31. Kf2 Qe6 32. Qd2 Rh1 0-1

[Event "Chess XV  MI"]
[Site "?"]
[Date "????.??.??"]
[Round "9"]
[White "Neiman, E."]
[Black "Verat, L."]
[Result "0-1"]
[WhiteElo "2330"]
[BlackElo "2346"]
[PlyCount "104"]

1. d4 Nf6 2. Bg5 Ne4 3. Bf4 c5 4. f3 Qa5+ 5. c3 Nf6 6. d5 Qb6 7. b3 e6 8. e4
exd5 9. exd5 Bd6 10. Bg5 Be7 11. Ne2 Qd6 12. Na3 Qxd5 13. Bxf6 Qxd1+ 14. Rxd1
Bxf6 15. Nb5 Kd8 16. Nd6 Rf8 17. g3 Be7 18. Bh3 Bxd6 19. Rxd6 Kc7 20. Rd5 d6
21. Bxc8 Rxc8 22. Kf2 Nc6 23. Rhd1 Rd8 24. Rf5 Ne5 25. c4 Re8 26. Nc3 Re6 27.
Rh5 h6 28. Kg2 a6 29. f4 Ng4 30. Nd5+ Kc6 31. f5 Ne3+ 32. Nxe3 Rxe3 33. f6 g6
34. Rxh6 Re2+ 35. Kf3 Re6 36. Kg4 Rxf6 37. h4 Re8 38. h5 gxh5+ 39. Rxh5 Re4+
40. Kh3 Re2 41. a3 Re3 42. b4 Rxa3 43. bxc5 dxc5 44. Rdd5 b6 45. Rh8 Rc3 46.
Rc8+ Kb7 47. Rf8 Rxc4 48. Rd7+ Kc6 49. Rdxf7 Rxf7 50. Rxf7 Rc3 51. Rf6+ Kb5 52.
Kg2 Rd3 0-1

[Event "Chess XV  MI"]
[Site "?"]
[Date "????.??.??"]
[Round "9"]
[White "Borzakian, M."]
[Black "Draoui, N."]
[Result "0-1"]
[WhiteElo "2198"]
[BlackElo "2377"]
[PlyCount "88"]

1. e4 c6 2. d4 d5 3. exd5 cxd5 4. Bd3 Nc6 5. c3 Nf6 6. Bf4 Bg4 7. Qb3 Qd7 8.
Nd2 e6 9. Ngf3 Bxf3 10. Nxf3 Bd6 11. Bxd6 Qxd6 12. O-O O-O 13. Rae1 Rab8 14.
Ne5 Ne7 15. f4 b5 16. a3 a5 17. Qd1 b4 18. axb4 axb4 19. Re3 Rbc8 20. Rh3 g6
21. Qe1 Kg7 22. g4 bxc3 23. bxc3 Rh8 24. f5 exf5 25. gxf5 g5 26. Kh1 h6 27. Rg1
Rh7 28. Qe3 Neg8 29. Bc2 Rc7 30. Ra1 Re7 31. Qe1 Rh8 32. Re3 Nh5 33. Ng4 Rxe3
34. f6+ Qxf6 35. Qxe3 Qf4 36. Qxf4 Nxf4 37. Ra7 h5 38. Ne3 Nh6 39. Rd7 Re8 40.
Nf1 Re1 41. Kg1 Ng4 42. Bb3 h4 43. Bxd5 Nxd5 44. Rxd5 Rxf1+ 0-1

[Event "Chess XV  MI"]
[Site "?"]
[Date "????.??.??"]
[Round "9"]
[White "Velikov, P."]
[Black "Picard, R."]
[Result "1/2-1/2"]
[WhiteElo "2442"]
[BlackElo "2290"]
[PlyCount "33"]

1. Nf3 Nf6 2. c4 g6 3. Nc3 Bg7 4. g3 c5 5. Bg2 Nc6 6. O-O O-O 7. d3 Ne8 8. Bd2
Nc7 9. Rb1 d6 10. a3 a5 11. Nd5 Nxd5 12. cxd5 Nd4 13. Nxd4 Bxd4 14. e3 Bg7 15.
Bc3 b5 16. a4 Bxc3 17. bxc3 1/2-1/2

[Event "Chess XV  MI"]
[Site "?"]
[Date "????.??.??"]
[Round "9"]
[White "Nguyen, TT."]
[Black "Shirazi, K."]
[Result "1-0"]
[WhiteElo "2303"]
[BlackElo "2389"]
[PlyCount "131"]

1. Nf3 Nf6 2. c4 g6 3. Nc3 d6 4. d4 Bf5 5. Nh4 Bd7 6. e4 Bg7 7. Nf3 O-O 8. Be2
e5 9. O-O Nh5 10. Bg5 f6 11. Be3 Nc6 12. Qd2 Nf4 13. Bxf4 exf4 14. Qxf4 f5 15.
exf5 Bxf5 16. Qd2 Bg4 17. h3 Bxf3 18. Bxf3 Rxf3 19. gxf3 Nxd4 20. Kg2 Qf6 21.
f4 Qf7 22. b3 Ne6 23. Rac1 Nxf4+ 24. Kh1 c6 25. Ne2 Nxe2 26. Qxe2 Be5 27. Rce1
Qf4 28. f3 Rf8 29. Qg2 Kh8 30. Re4 Qf5 31. Qg4 Qf6 32. Kg2 h5 33. Qh4 Qf5 34.
Qe1 Qg5+ 35. Kh1 Rf4 36. Rxf4 Qxf4 37. Qe2 Kg7 38. Rg1 Qf5 39. Kg2 Qg5+ 40. Kh1
Qh4 41. Qg2 Qf6 42. Qe2 a5 43. Qe4 Kh6 44. Re1 Bd4 45. Re2 Bc5 46. Rg2 g5 47.
Re2 Qf7 48. Qe6+ Kg7 49. Qe7 Qxe7 50. Rxe7+ Kf6 51. Rxb7 Ke5 52. Rc7 Kd4 53.
Rxc6 Kc3 54. h4 gxh4 55. Kg2 Kb2 56. Rxc5 dxc5 57. f4 Kxa2 58. f5 Kxb3 59. f6
a4 60. f7 h3+ 61. Kxh3 Kxc4 62. f8=Q Kb4 63. Qb8+ Kc3 64. Qe5+ Kb3 65. Qxc5 a3
66. Qc1 1-0